| 000 | 00847cam a2200265 a 4500 | ||
|---|---|---|---|
| 001 | 1897462 | ||
| 005 | 20251028115748.0 | ||
| 008 | 841102s1985 moua b 001 0 eng c | ||
| 020 | _a0801638283 | ||
| 020 | _a9780801638282 | ||
| 050 | 1 | 0 |
_aRT42 _b.P68 1985 |
| 082 | 0 | 0 |
_a610.73 _219 |
| 100 | 1 | _aPotter, Patricia Ann. | |
| 245 | 1 | 0 |
_aFundamentals of nursing : _bconcepts, process, and practice / _cPatricia A. Potter, Anne G. Perry. |
| 260 |
_aSt. Louis : _bThe C. V. Mosby Company _c1985. |
||
| 300 |
_axxxix, 1453, 69 p. : _bill. ; _c29 cm. |
||
| 650 | 0 | _aNursing. | |
| 650 | 0 |
_aNursing _xExaminations, questions, etc. |
|
| 650 | 0 |
_aNursing _xStudy and teaching _xAudio-visual aids. |
|
| 650 | 2 | _aNurse-Patient Relations. | |
| 650 | 2 | _aNursing Care. | |
| 650 | 2 | _aNursing Process. | |
| 700 | 1 | _aPerry, Anne Griffin. | |
| 942 |
_2lcc _cBK _n0 |
||
| 999 |
_c7844 _d7844 |
||